The Ethics of War and Peace/ (Record no. 614049)
[ view plain ]
| 000 -LEADER | |
|---|---|
| fixed length control field | 00355nam a22001217a 4500 |
| 040 ## - CATALOGING SOURCE | |
| Transcribing agency | NUST |
| 082 ## - DEWEY DECIMAL CLASSIFICATION NUMBER | |
| Edition number | 21st |
| Classification number | 172.42 |
| Author Mark | FRO |
| 100 ## - MAIN ENTRY--PERSONAL NAME | |
| Personal name | Frowe, Hellen |
| 9 (RLIN) | 129355 |
| 245 ## - TITLE STATEMENT | |
| Title | The Ethics of War and Peace/ |
| Statement of responsibility, etc. | Hellen Frowe |
| 260 ## - PUBLICATION, DISTRIBUTION, ETC. | |
| Place of publication, distribution, etc. | Rawalpindi : |
| Name of publisher, distributor, etc. | Services Book Club, |
| Date of publication, distribution, etc. | 2013. |
| 300 ## - PHYSICAL DESCRIPTION | |
| Extent | x, 244p. : |
| Dimensions | 26cm. |
| 942 ## - ADDED ENTRY ELEMENTS (KOHA) | |
| Source of classification or shelving scheme | |
| Koha item type | Book |
| Classification part | 172.42 |
| Withdrawn status | Lost status | Source of classification or shelving scheme | Damaged status | Not for loan | Permanent Location | Current Location | Date acquired | Total Checkouts | Full call number | Barcode | Date last seen | Price effective from | Koha item type | Shelving location |
|---|---|---|---|---|---|---|---|---|---|---|---|---|---|---|
| Central Library (CL) | Central Library (CL) | 07/01/2025 | 172.42 FRO | CL-D-2898 | 07/01/2025 | 07/01/2025 | Book | |||||||
| Central Library (CL) | Central Library (CL) | 07/10/2025 | 172.42 FRO | CL-D-2899 | 07/10/2025 | 07/10/2025 | Book | General Stacks |
